LEADER 03609nam 22007095 450 001 9910299560203321 005 20251113193318.0 010 $a3-319-09746-6 024 7 $a10.1007/978-3-319-09746-6 035 $a(CKB)3710000000212085 035 $a(EBL)1783146 035 $a(SSID)ssj0001295577 035 $a(PQKBManifestationID)11735841 035 $a(PQKBTitleCode)TC0001295577 035 $a(PQKBWorkID)11343517 035 $a(PQKB)11122896 035 $a(MiAaPQ)EBC1783146 035 $a(DE-He213)978-3-319-09746-6 035 $a(PPN)179925369 035 $a(EXLCZ)993710000000212085 100 $a20140729d2014 u| 0 101 0 $aeng 135 $aur|n|---||||| 181 $ctxt 182 $cc 183 $acr 200 10$aClimate Change Impacts and Adaptation in Water Resources and Water Use Sectors $eCase studies from Southeast Asia /$fby Sangam Shrestha 205 $a1st ed. 2014. 210 1$aCham :$cSpringer International Publishing :$cImprint: Springer,$d2014. 215 $a1 online resource (129 p.) 225 1 $aSpringer Water,$x2364-8198 300 $aDescription based upon print version of record. 311 08$a1-322-13808-7 311 08$a3-319-09745-8 320 $aIncludes bibliographical references. 327 $aIntroduction -- Assessment of water availability under climate change scenarios in Thailand -- Climate change impact on reservoir inflows of Ubolratana Dam in Thailand -- Assessment of climate change impacts on flood hazard potential in the Yang River Basin, Thailand -- Assessment of climate change impacts on irrigation water requirement and rice yield for Ngamoeyeik Irrigation Project in Myanmar -- Adaptation strategies for rice cultivation under climate change in central Vietnam. 330 $aClimate change on earth is having significant impacts on water resources management in Southeast Asia. Knowledge of climate variations and climate change can be valuable for water resources management in agriculture, urban and industrial water supplies, hydroelectric power generation, and ecosystem maintenance. This book presents the findings of case studies on forecasting climate change and its impacts on water availability, irrigation water requirements, floods and droughts, reservoir inflows and hydropower generation, and crop yield in specific basins of Southeast Asian countries such as Thailand, Myanmar, and Vietnam. All case studies start by forecasting the climate change and investigating its impacts by employing several hydrological reservoir simulations and crop water requirement models. The findings provide sound and scientific advice for water managers on the real impacts of climate change and how to adapt to its many challenges. 410 0$aSpringer Water,$x2364-8198 606 $aEcology 606 $aWater 606 $aHydrology 606 $aClimatology 606 $aPhysical geography 606 $aEnvironmental Sciences 606 $aWater 606 $aClimate Sciences 606 $aEarth System Sciences 615 0$aEcology. 615 0$aWater. 615 0$aHydrology. 615 0$aClimatology. 615 0$aPhysical geography. 615 14$aEnvironmental Sciences. 615 24$aWater. 615 24$aClimate Sciences. 615 24$aEarth System Sciences. 676 $a550 700 $aShrestha$b Sangam$4aut$4http://id.loc.gov/vocabulary/relators/aut$0987909 906 $aBOOK 912 $a9910299560203321 996 $aClimate Change Impacts and Adaptation in Water Resources and Water Use Sectors$92501967 997 $aUNINA